000 01275cam a2200373 a 4500
001 9340
003 FISKH
005 20251211114319.0
008 880802s1989 mnua j 000 0 eng
010 _a 88025896
020 _a0876143478 (lib. bdg.) :
_c$10.95
020 _a9780876143476
020 _a9780876145142
040 _aDLC
_cDLC
_dDLC
_beng
050 0 0 _aDT14
_b.H36 1989
082 0 0 _a960
_aE
_219
100 1 _aHaskins, James,
_d1941-2005.
245 1 0 _aCount your way through Africa /
_cby Jim Haskins ; illustrations by Barbara Knutson.
260 _aMinneapolis :
_bCarolrhoda Books,
_c1989.
300 _a22 unnumbered pages :
_bcolor illustrations ; map ;
_c20 x 23 cm
505 _aP
520 _aUses the Swahili words for the numbers from one to ten to introduce the land, history, and culture of Africa.
521 8 _a600
_bLexile estimate
521 8 _aP
_bRaz-Plus
650 0 _aSwahili language
_xNumerals
_xJuvenile literature.
650 0 _aCounting
_xJuvenile literature.
650 1 _aCounting.
651 0 _aAfrica
_xCivilization
_xJuvenile literature.
651 1 _aAfrica.
700 1 _aKnutson, Barbara,
_eillustrator
906 _a7
_bcbc
_corignew
_d1
_eocip
_f19
_gy-gencatlg
942 _2ddc
_cBK
_n0
999 _c9340
_d9340